Императорское Русское музыкальное общество, С.-Петербургское отделение, XXX Сезон. [3]: Четвертое симфоническое собрание при участии г-жи Никита, Л.С. Ауэра и оркестра под управлением Л.С. Ауэра, в субботу, 26-го ноября 1888 года (Запись № 12051403)

Подробности
000 -МАРКЕР
контрольное поле 01490nam2a2200253 4500
001 - ИДЕНТИФИКАТОР ЗАПИСИ
контрольное поле RU\NLR\BIBL_A\011840161
005 - ИДЕНТИФИКАТОР ВЕРСИИ
контрольное поле 20250626135908.0
035 ## - ДРУГИЕ СИСТЕМНЫЕ НОМЕРА
Идентификатор записи (NLR Aleph) 011840161
100 ## - ДАННЫЕ ОБЩЕЙ ОБРАБОТКИ
Данные общей обработки 20181019d1888 |||y0rusy50 ca
101 0# - ЯЗЫК РЕСУРСА
Язык текста, звукозаписи и т.д. русский
-- французский
102 ## - СТРАНА ПУБЛИКАЦИИ ИЛИ ПРОИЗВОДСТВА
Страна публикации Российская Федерация
105 ## - ПОЛЕ КОДИРОВАННЫХ ДАННЫХ: ТЕКСТОВЫЕ МАТЕРИАЛЫ, МОНОГРАФИЧЕСКИЕ
Кодированные данные о монографическом текстовом документе y|||z|||000zy
200 1# - ЗАГЛАВИЕ И СВЕДЕНИЯ ОБ ОТВЕТСТВЕННОСТИ
Основное заглавие Четвертое симфоническое собрание при участии г-жи Никита, Л.С. Ауэра и оркестра под управлением Л.С. Ауэра, в субботу, 26-го ноября 1888 года
210 ## - ПУБЛИКАЦИЯ, РАСПРОСТРАНЕНИЕ И ДР.
Дата издания, распространения и т.д. ценз. 1888
Место издания, распространения и т.д. Б. м.
215 ## - ФИЗИЧЕСКАЯ ХАРАКТЕРИСТИКА
Специфическое обозначение материала и объем [3] с.
300 ## - ОБЩИЕ ПРИМЕЧАНИЯ
Текст примечания Часть текста фр.
461 #0 - УРОВЕНЬ НАБОРА
Встроенное поле 001RU\NLR\BIBL_A\011840109
-- 2001#$aИмператорское Русское музыкальное общество, С.-Петербургское отделение, XXX Сезон$eпрограмма$v[3]
Системный номер (АБИС) связанной записи 12051117
Автор Русское музыкальное общество. Петербургское отделение
Место публикации Спб.
Дата публикации 1888
Имя издателя, распространителя и т.д. Тип. Р. Голике
Сведения, относящиеся к заглавию программа
Заглавие Императорское Русское музыкальное общество, С.-Петербургское отделение, XXX Сезон
Номер тома [3]
702 #1 - ИМЯ ЛИЦА - ВТОРИЧНАЯ ОТВЕТСТВЕННОСТЬ
Код отношения Прочие
Графика поля Кириллица
Материалы, к которым относится поле rus
Начальный элемент ввода Никита
Часть имени, кроме начального элемента ввода Л.-М.
Даты 1872-
Расширение инициалов личного имени Луиза-Маргарита
Системный номер авторитетной/нормативной записи 196352
Идентификатор авторитетной/нормативной записи RU\NLR\AUTH\770196403
852 ## - МЕСТОНАХОЖДЕНИЕ И ШИФР ХРАНЕНИЯ
Идентификатор организации NLR
Шифр хранения (Call Number) 18.120.7.428(3)
942 ## - ДОПОЛНИТЕЛЬНЫЕ ЭЛЕМЕНТЫ ЗАПИСИ (АБИС)
Тип экземпляра АБИС Книга
980 ## - КОЛЛЕКЦИЯ
Название коллекции Национальная библиография
Экземпляры
Тип экземпляра Дата поступления Библиотека постоянного хранения Библиотека текущего хранения Место хранения Шифр хранения Штрих-код Статус экземпляра
Книга 31.01.2025 РНБ (Садовая) РНБ (Садовая) Русский книжный фонд -Главное здание, Ленинский читальный зал 18.120.7.428(3) 11840161-10